Schnelle Mathematik - Multiplikation im Hexadezimalsystem Level 04 - Statistiken

Allgemein
  • Dieses Quiz wurde 74 mal gespielt
  • Das Durchschnittsergebnis liegt bei 13 aus 20
Antwortstatistiken
Frage Antwort % Korrekt
0⋅0 0
100%
4⋅0 0
100%
5⋅0 0
100%
1⋅2 2
100%
2⋅2 4
100%
3⋅1 3
89%
6⋅0 0
88%
2⋅4 8
88%
1⋅0 0
86%
3⋅0 0
86%
4⋅1 4
86%
4⋅2 8
83%
3⋅3 9
83%
2⋅3 6
80%
3⋅2 6
80%
1⋅4 4
78%
0⋅2 0
75%
0⋅5 0
75%
2⋅1 2
75%
1⋅3 3
75%
1⋅5 5
75%
6⋅1 6
75%
2⋅0 0
71%
1⋅6 6
71%
0⋅6 0
67%
4⋅6 18
67%
6⋅5 1E
67%
5⋅1 5
67%
0⋅3 0
63%
2⋅6 C
63%
3⋅5 F
63%
0⋅4 0
60%
3⋅6 12
60%
5⋅6 1E
57%
2⋅5 A
57%
6⋅2 C
56%
1⋅1 1
50%
6⋅4 18
50%
5⋅3 F
50%
4⋅3 C
43%
4⋅5 14
40%
3⋅4 C
40%
5⋅2 A
38%
0⋅1 0
33%
4⋅4 10
33%
5⋅5 19
33%
6⋅3 12
25%
5⋅4 14
25%
6⋅6 24
0%
Keine übereinstimmenden Quizze gefunden
Verteilung der Resultate
Anzahl Personen mit jedem Resultat
Perzentil nach korrekt beantworteten Fragen
Ihre Resultats-Entwicklung
Sie haben dieses Quiz noch nicht gespielt